<?xml version="1.0" encoding="UTF-8" ?>
<collection xmlns="http://www.loc.gov/MARC21/slim"><record><leader>00827nam a2200241 nc4500</leader><controlfield tag="001">19390</controlfield><controlfield tag="003">CH-000273-5</controlfield><controlfield tag="005">20161219173513.0</controlfield><datafield tag="035" ind1=" " ind2=" "><subfield code="a">(OCoLC)257063384</subfield></datafield><datafield tag="041" ind1=" " ind2=" "><subfield code="a">ger</subfield></datafield><datafield tag="100" ind1="1" ind2="0"><subfield code="a">Schwitters, Kurt </subfield><subfield code="d">1887-1948</subfield></datafield><datafield tag="245" ind1="0" ind2="0"><subfield code="a">Anna Blume</subfield><subfield code="b">Dichtungen</subfield><subfield code="c">Kurt Schwitters</subfield><subfield code="h">Buch</subfield></datafield><datafield tag="250" ind1=" " ind2=" "><subfield code="a">1.-5. Tausend</subfield></datafield><datafield tag="260" ind1=" " ind2=" "><subfield code="a">Hannover</subfield><subfield code="b">Paul Steegemann</subfield><subfield code="c">1919</subfield></datafield><datafield tag="300" ind1=" " ind2=" "><subfield code="a">37 S.</subfield><subfield code="c">22 x 14,5 cm</subfield></datafield><datafield tag="490" ind1="1" ind2="0"><subfield code="a">Die Silbergäule</subfield><subfield code="v">39/40</subfield></datafield><datafield tag="500" ind1=" " ind2=" "><subfield code="a">Umschlagzeichnung von Kurt Schwitters</subfield></datafield><datafield tag="510" ind1="4" ind2="0"><subfield code="a">Dada global, 1994</subfield><subfield code="c">S. 193, Nr. 121</subfield></datafield><datafield tag="600" ind1="1" ind2="4"><subfield code="a">Schwitters, Kurt</subfield><subfield code="d">1887-1948</subfield></datafield><datafield tag="651" ind1="0" ind2="4"><subfield code="a">Zürich</subfield><subfield code="x">Kunsthaus Zürich</subfield><subfield code="x">Dadaismus</subfield><subfield code="x">Sammlung</subfield></datafield><datafield tag="830" ind1="0" ind2="4"><subfield code="a">Die Silbergäule</subfield><subfield code="v">39/40</subfield><subfield code="w">(CH-000273-5)18616</subfield></datafield><datafield tag="852" ind1="4" ind2="0"><subfield code="a">CH-000273-5</subfield><subfield code="c">DADA I:26</subfield></datafield><datafield tag="856" ind1="4" ind2="1"><subfield code="u">https://digital.kunsthaus.ch/viewer/image/19390/1/</subfield><subfield code="y">Kunsthaus Zürich Sammlungen online</subfield></datafield></record></collection>